三重県の駅名一覧 - Statistics

General Stats
  • This quiz has been taken 79 times
  • The average score is 93 of 246
Answer Stats
Hint Answer % Correct
CJ07 | E13 桑名
91%
CJ11 四日市
89%
87%
鳥羽
84%
4 鈴鹿
84%
D61 | E61 | M61 伊勢中川
80%
E21 | K21 近鉄四日市
80%
亀山
78%
松阪
78%
伊勢市
78%
M93 賢島
78%
CJ06 長島
73%
伊賀上野
71%
CJ09 富田
71%
D49 名張
71%
E31 白子
71%
L31 鈴鹿市
69%
K30 湯の山温泉
67%
M74 宇治山田
67%
M75 五十鈴川
67%
尾鷲
64%
E16 川越富洲原
64%
E40 津新町
64%
62%
CJ12 南四日市
62%
D52 伊賀神戸
62%
D55 西青山
62%
D56 東青山
62%
E43 桃園
62%
E12 近鉄長島
60%
E42 久居
60%
K27 菰野
60%
M88 志摩磯部
60%
伊勢奥津
58%
D57 榊原温泉口
58%
E17 | S01 近鉄富田
58%
熊野市
56%
CJ08 朝日
53%
E15 伊勢朝日
53%
柘植
51%
D50 桔梗が丘
51%
E29 | L29 伊勢若松
51%
L33 平田町
51%
M91 鵜方
51%
H01 西桑名
51%
CJ10 富田浜
49%
D53 青山町
49%
M65 東松阪
49%
M69 明星
49%
3 | CJ13 河原田
47%
多気
47%
一身田
47%
五十鈴ヶ丘
47%
E24 塩浜
47%
E38 江戸橋
47%
あすなろう四日市
47%
紀伊長島
44%
D48 赤目口
44%
E41 南が丘
44%
K26
44%
M62 伊勢中原
44%
M71 小俣
44%
6 鈴鹿サーキット稲生
44%
H09 東員
44%
M63 松ヶ崎
42%
M68 斎宮
42%
M76 朝熊
42%
上野市
42%
鵜殿
40%
E14 益生
40%
M70 明野
40%
M72 宮町
40%
M77 池の浦
40%
M79 中之郷
40%
M92 志摩神明
40%
S15 西藤原
40%
加太
38%
二見浦
38%
D54 伊賀上津
38%
11 東一身田
38%
家城
36%
D58 大三
36%
D59 伊勢石橋
36%
D60 川合高岡
36%
E19 阿倉川
36%
M66 櫛田
36%
M67 漕代
36%
新鹿
33%
三瀬谷
33%
阿漕
33%
外城田
33%
山田上口
33%
D51 美旗
33%
E20 川原町
33%
K28 中菰野
33%
M86 沓掛
33%
S13 東藤原
33%
新堂
31%
栃原
31%
相可
31%
六軒
31%
田丸
31%
宮川
31%
E18 霞ヶ浦
31%
E23 海山道
31%
E37 高田本山
31%
M80 志摩赤崎
31%
M87 上之郷
31%
内部
31%
九鬼
29%
大内山
29%
佐奈
29%
徳和
29%
高茶屋
29%
一志
29%
松下
29%
E22 新正
29%
E36 白塚
29%
K22 中川原
29%
K29 大羽根園
29%
L32 三日市
29%
M85 五知
29%
S12 伊勢治田
29%
多度
29%
CJ14 河曲
27%
紀伊市木
27%
波田須
27%
三木里
27%
大曽根浦
27%
下庄
27%
伊勢八太
27%
井関
27%
伊勢鎌倉
27%
E25 北楠
27%
E26
27%
E32 鼓ヶ浦
27%
E34 千里
27%
K23 伊勢松本
27%
K24 伊勢川島
27%
M82 加茂
27%
M90 志摩横山
27%
10 河芸
27%
日永
27%
H06 星川
27%
H13 阿下喜
27%
CJ15 加佐登
24%
CJ16 井田川
24%
紀伊井田
24%
船津
24%
川添
24%
伊勢大井
24%
伊勢竹原
24%
伊勢八知
24%
L30
24%
M84 白木
24%
H02 馬道
24%
島ケ原
22%
佐那具
22%
阿田和
22%
有井
22%
大泊
22%
二木島
22%
賀田
22%
伊勢柏崎
22%
滝原
22%
比津
22%
E27 長太ノ浦
22%
9 伊勢上野
22%
赤堀
22%
西日野
22%
H05 在良
22%
S04 暁学園前
22%
S07 北勢中央公園口
22%
播磨
22%
相賀
20%
梅ヶ谷
20%
上ノ庄
20%
権現前
20%
伊勢川口
20%
E30 千代崎
20%
E33 磯山
20%
E35 豊津上野
20%
K25 高角
20%
M83 松尾
20%
8 中瀬古
20%
H08 穴太
20%
三野瀬
18%
阿曽
18%
E28 箕田
18%
M89 穴川
18%
5 玉垣
18%
南日永
18%
小古曽
18%
比土
18%
H03 西別所
18%
H04 蓮花寺
18%
H11 楚原
18%
S05 山城
18%
S14 西野尻
18%
神志山
16%
関ノ宮
16%
7 徳田
16%
16%
四十九
16%
上林
16%
H10 大泉
16%
S02 大矢知
16%
S06 保々
16%
S09 大安
16%
下深谷
16%
新居
13%
西大手
13%
広小路
13%
茅町
13%
桑町
13%
猪田道
13%
依那古
13%
H07 七和
13%
S03 平津
13%
S11 丹生川
13%
下野代
13%
追分
11%
丸山
11%
H12 麻生田
11%
S10 三里
11%
S08 梅土井
9%
市部
7%
No matching quizzes found
Score Distribution
Percent of People with Each Score
Percentile by Number Answered
Your Score History
You have not taken this quiz